Statistiques concernant Devinez le prénom des chefs des pays dans la guerre mondiale suivants

Cliquez ici pour prendre le quiz!

Statistiques générales

  • Ce quiz a été pris 261 fois
  • Le résultat moyen est 7 sur 11

Statistiques - réponses

HintRéponse% Correct
De GaulleCharles
100%
HitlerAdolf
96%
ChurchillWinston
91%
StalineJoseph
88%
MussoliniBenito
76%
Delano RooseveltFranklin
72%
S. TrumanHarry
60%
D. EisenhowerDwight
57%
RommelErwin
47%
SélassiéHailé
28%
MontgomeryBernard
22%

Distribution des résultats

Percentile par nombre de réponses

% des personnes avec chaque résultat

Votre développement - résultats

Vous n’avez pas pris ce quiz